000 00953cam a2200337 a 4500
001 14667008
003 OSt
005 20140310184412.0
008 061212s2007 nyu c 000 1 eng
010 _a 2006036628
020 _a9780439899529 (hardcover)
020 _a0439899524 (hardcover)
040 _aDLC
_cDLC
_dDLC
042 _alcac
050 0 0 _aPZ 7
_b.C21694In 2007
100 1 _aCarman, Patrick.
_917206
245 1 0 _aInto the mist /
_cPatrick Carman.
260 _aNew York :
_bScholastic Press,
_c2007
300 _a281 p.
_c19 cm.
521 _aG10
526 _c1030
650 1 _aAdventure and adventurers
_vFiction.
_917234
650 1 _aMagic
_vFiction.
_917235
650 1 _aBrothers
_vFiction.
_917236
650 1 _aOrphans
_vFiction.
_917237
906 _a7
_bcbc
_corignew
_d1
_eecip
_f20
_gy-gencatlg
942 _2lcc
_cBK-SCHOLAS
999 _c34118
_d34118